| 000 | 00590nam a2200133Ia 4500 | ||
|---|---|---|---|
| 008 | 100328s9999 xx 000 0 und d | ||
| 082 | _b44622 | ||
| 100 | _aताराचन्द | ||
| 245 | _aभारतीय स्वतंत्रता आन्दोलन का इतिहास | ||
| 260 | _bप्रकाशन विभाग | ||
| 630 | _aभारतीय स्वतंत्रता आन्दोलन का इतिहास | ||
| 730 | _aभारतीय स्वतंत्रता आन्दोलन का इतिहास | ||
| 942 | _cBOOK | ||
| 999 |
_c532883 _d532880 |
||